00594nam a2200169 i 450000100060000000300090000600500170001500700030003200800410003510000410007624500530011726000610017030000220023185200320025399900170028595201220030277056ES-MaACL20230906173057.0t|041006s1969 sp ||||1| spa d1 aGutiérrez Albelo, Emeterio.96108210aAntología poética / cE. Gutiérrez Albelo. aBilbao : bComunicación Literaria de Autores, c[1969] a174 p. ; c19 cm. aES-MaACLjC-40049 bR.71815 c77056d77056 00104070aATENEOMbATENEOMcDEPO2d2008-01-17eSCl0oC-40049p1080625r2023-02-23 00:00:00w2023-02-23yMONOGRAFIA